[Event "AUT-ch"]
[Site "Graz"]
[Date "2017.08.13"]
[Round "2"]
[White "Huber, Martin Christian"]
[Black "Frosch, Ronald"]
[Result "1-0"]
[WhiteElo "2417"]
[BlackElo "2266"]
[PlyCount "65"]
[EventDate "2017.08.12"]
[EventType "swiss"]
[EventRounds "9"]
[EventCountry "AUT"]
[SourceTitle "CBM 180 Extra"]
[Source "ChessBase"]
[SourceDate "2017.10.06"]
[SourceVersion "1"]
[SourceVersionDate "2017.10.06"]
[SourceQuality "1"]

1. d4 Nf6 2. Nf3 d5 3. c4 g6 4. cxd5 Qxd5 5. Nc3 Qa5 6. Bd2 c6 7. e4 Bg7 8. h3 0-0 9. Bc4 Qd8 10. 0-0 b6 11. Qe2 Bb7 12. Rfd1 Ne8 13. Bg5 Nc7 14. d5 Qe8 15. Bf4 e5 16. dxe6 Nxe6 17. Bd6 Nd7 18. Bxf8 Ndxf8 19. e5 Qe7 20. Ne4 c5 21. Nd6 Bxf3 22. Qxf3 Rd8 23. Qd5 b5 24. Bxb5 Nf4 25. Qb7 Qg5 26. Qxf7+ Kh8 27. Qb7 Nxh3+ 28. Kf1 Rxd6 29. exd6 Nxf2 30. Kxf2 Qh4+ 31. Kf1 Bd4 32. Rxd4 cxd4 33. Qe7 1-0

[Event "AUT-chT2M 1617"]
[Site "Austria"]
[Date "2016.11.12"]
[Round "4.3"]
[White "Frosch, Ronald"]
[Black "Kuba, Guenter"]
[Result "1-0"]
[WhiteElo "2215"]
[BlackElo "2354"]
[PlyCount "101"]
[EventDate "2016.10.07"]
[EventType "team-tourn"]
[EventRounds "11"]
[EventCountry "AUT"]
[SourceTitle "CBM 175 Extra"]
[Source "ChessBase"]
[SourceDate "2016.12.12"]
[SourceVersion "1"]
[SourceVersionDate "2016.12.12"]
[SourceQuality "1"]
[WhiteTeam "Gleisdorf"]
[BlackTeam "Fuerstenfeld/Hartberg"]
[WhiteTeamCountry "AUT"]
[BlackTeamCountry "AUT"]

1. d4 f5 2. Nf3 g6 3. e3 Nf6 4. c4 Bg7 5. Nc3 d6 6. Be2 0-0 7. 0-0 a5 8. Qc2 Na6 9. Rd1 c6 10. a3 Qe8 11. Bd2 Nc7 12. Na4 Nd7 13. b4 axb4 14. axb4 e5 15. dxe5 dxe5 16. Bc3 Bf6 17. Rd2 e4 18. Nd4 Qe7 19. Rad1 h5 20. h3 h4 21. Qb3 Qf7 22. Bb2 Rb8 23. Qc2 Qe7 24. b5 c5 25. b6 Na6 26. Nb5 Ne5 27. Nac3 Nb4 28. Qb3 Be6 29. Nc7 Ned3 30. Bxd3 exd3 31. N7d5 Bxd5 32. Nxd5 Nxd5 33. cxd5 Qd6 34. Bxf6 Rxf6 35. Rb1 f4 36. Qxd3 f3 37. Qe4 fxg2 38. Qxh4 Rf5 39. Qg3 Qxg3 40. fxg3 Rf3 41. Rc1 Rxg3 42. Rxc5 Rxe3 43. d6 Rd8 44. Rc7 Rxh3 45. Rxb7 Rb3 46. Kxg2 g5 47. Rd5 g4 48. Rg5+ Kf8 49. Rg6 g3 50. Rh7 Rb2+ 51. Kxg3 1-0

[Event "AUT-chT2M 1617"]
[Site "Austria"]
[Date "2016.10.09"]
[Round "3.3"]
[White "Kilgus, Georg"]
[Black "Frosch, Ronald"]
[Result "0-1"]
[WhiteElo "2413"]
[BlackElo "2215"]
[PlyCount "94"]
[EventDate "2016.10.07"]
[EventType "team-tourn"]
[EventRounds "11"]
[EventCountry "AUT"]
[SourceTitle "EXT 2017"]
[Source "ChessBase"]
[SourceDate "2016.10.25"]
[SourceVersion "1"]
[SourceVersionDate "2016.10.25"]
[SourceQuality "1"]
[WhiteTeam "Grieskirchen/Schallerbach"]
[BlackTeam "Gleisdorf"]
[WhiteTeamCountry "AUT"]
[BlackTeamCountry "AUT"]

1. d4 d5 2. c4 c6 3. cxd5 cxd5 4. Bf4 Nc6 5. e3 Nf6 6. Nc3 e6 7. Bb5 Bd7 8. Nf3 Be7 9. h3 0-0 10. 0-0 Rc8 11. Qe2 Qa5 12. Rfc1 Ne4 13. Bd3 f5 14. a3 Qd8 15. Ne5 Nxe5 16. Bxe5 Bf6 17. Bxf6 Qxf6 18. Na2 e5 19. Rxc8 Rxc8 20. Bxe4 dxe4 21. Rd1 Ba4 22. Rd2 Bb3 23. Nc3 Bc4 24. Qd1 Bd3 25. Qb3+ Qf7 26. Qxf7+ Kxf7 27. dxe5 Ke6 28. f4 b5 29. Kf2 a5 30. g4 fxg4 31. hxg4 b4 32. axb4 axb4 33. Ne2 Kd5 34. Nd4 g5 35. Nf5 Rc1 36. Ng3 Rb1 37. Kg2 Re1 38. Kf2 Rb1 39. Kg2 Re1 40. Kf2 Rb1 41. Nh5 gxf4 42. exf4 Kd4 43. Kg2 e3 44. Rxd3+ Kxd3 45. f5 e2 46. Nf4+ Ke4 47. Nxe2 Kxe5 0-1

[Event "AUT-chT2M 1516"]
[Site "Austria"]
[Date "2016.04.16"]
[Round "10.2"]
[White "Sandhoefner, Florian"]
[Black "Frosch, Ronald"]
[Result "1-0"]
[WhiteElo "2250"]
[BlackElo "2229"]
[PlyCount "81"]
[EventDate "2015.10.02"]
[EventType "team-tourn"]
[EventRounds "11"]
[EventCountry "AUT"]
[SourceTitle "EXT 2017"]
[Source "ChessBase"]
[SourceDate "2016.10.25"]
[SourceVersion "1"]
[SourceVersionDate "2016.10.25"]
[SourceQuality "1"]
[WhiteTeam "St Valentin"]
[BlackTeam "Gleisdorf"]
[WhiteTeamCountry "AUT"]
[BlackTeamCountry "AUT"]

1. e4 c6 2. d4 d5 3. Nd2 dxe4 4. Nxe4 Bf5 5. Bd3 e6 6. Nf3 Nd7 7. 0-0 Qc7 8. Bg5 Bxe4 9. Bxe4 Ngf6 10. Bd3 Bd6 11. Qe2 h6 12. Bd2 0-0 13. Rfe1 c5 14. c3 Rad8 15. Rad1 a6 16. Bb1 cxd4 17. cxd4 Rfe8 18. Ne5 Nd5 19. Rc1 Qb8 20. Ba5 b6 21. Bd2 Qb7 22. Qh5 N7f6 23. Qh4 Bb4 24. Bxb4 Nxb4 25. a3 Nbd5 26. f3 Ne7 27. Qf2 b5 28. Rc5 Rd6 29. Rec1 Qb6 30. a4 Red8 31. a5 Qb8 32. Rd1 Qa7 33. b4 Nfd5 34. Qd2 f6 35. Ng4 Nc6 36. Qc2 Ndxb4 37. Qh7+ Kf8 38. Bg6 Ne7 39. Nxh6 Nxg6 40. Qg8+ Ke7 41. Qf7# 1-0